| 000 | 00000nas##2200000za#4500 |
| 001 | 9.506848 |
| 003 | CaOODSP |
| 005 | 20241203113633 |
| 007 | cr ||||||||||| |
| 008 | 150406c1997||||xxc|| p o||||f| |0eng|d |
| 022 | |a1494-5495 |
| 040 | |aCaOODSP|beng |
| 043 | |an-cn--- |
| 086 | 1 |aEn40-11/38E-PDF |
| 110 | 1 |aCanada. |bEnvironment Canada. |
| 245 | 10|aProgress in pollution prevention : |h[electronic resource]|bannual report of the Pollution Prevention Coordinating Committee |
| 260 | |aOttawa - Ontario : |bEnvironment Canada |
| 310 | |aAnnual |
| 362 | 1 |a[199-]-- |
| 690 | 07|aPollution prevention|2gcpds |
| 775 | 08|tProgrès en matière de prévention de la pollution : |w(CaOODSP)9.503246 |